Consumer Protection Law : Promulgated on January 11, 1994 & effective on January 13, 1994).
| Format: | Book |
|---|---|
| Published: |
Taipei:
The Consumer Protection Commission,
[199-].
|
| Subjects: |
| LEADER | 00466cam a2200133 7i4500 | ||
|---|---|---|---|
| 001 | 0000007995 | ||
| 005 | 20000807090000.0 | ||
| 090 | 0 | 0 | |a TAIW 343.07 |b CON |
| 245 | 0 | 0 | |a Consumer Protection Law : |b Promulgated on January 11, 1994 & effective on January 13, 1994). |
| 260 | 0 | 0 | |a Taipei: |b The Consumer Protection Commission, |c [199-]. |
| 300 | # | # | |a 19 p. |
| 650 | 0 | 0 | |a Consumer Protection Law -- |z Taiwan |
| 651 | 0 | 0 | |a Taiwan |
| 999 | |a 0000011735 |b Book |c Countries |e Business Information Centre | ||